书目信息 |
| 题名: |
日本和俄国的现代化
|
|
| 作者: | 布莱克 , Black 著 ;周师铭 译 | |
| 分册: | ||
| 出版信息: | 北京 商务印书馆 1984 |
|
| 页数: | 449页 | |
| 开本: | 19cm | |
| 丛书名: | ||
| 单 册: | ||
| 中图分类: | D731.30 , D751.20 , C915.1 | |
| 科图分类: | ||
| 主题词: | 现代化--对比研究--日本、俄国 , 社会调查 , 社会分析 | |
| 电子资源: | ||
| ISBN: | ||
| 000 | 00956nam0 2200337 45 | |
| 001 | 0184010765 | |
| 005 | 20040420151522.8 | |
| 010 | @dCNY1.50 | |
| 091 | @a4017.267 | |
| 100 | @a19950620d1984 emky0chiy0121 ea | |
| 101 | 0 | @achi |
| 102 | @aCN@b110000 | |
| 105 | @ay z 000yy | |
| 106 | @ar | |
| 200 | 10 | @a日本和俄国的现代化@Ari ben he e guo de xian dai hua@e一份进行比较的研究报告@f(美)布莱克(C.E.Black)著@g周师铭译 |
| 210 | @a北京@c商务印书馆@d1984 | |
| 215 | @a449页@d19cm | |
| 606 | @a现代化@x对比研究@y日本、俄国 | |
| 606 | 0 | @a社会调查 |
| 606 | 0 | @a社会分析 |
| 607 | @a现代化@x对比研究@y日本、苏联 | |
| 607 | @a俄国-对比研究-日本 | |
| 690 | @aD731.30@v3 | |
| 690 | @aD751.20@v3 | |
| 690 | @aC915.1 | |
| 701 | 1 | @a布莱克@Abu lai ke@bC.E.@4著 |
| 701 | A1 | @aBlack@bC.E.@4著 |
| 702 | 0 | @a周师铭@Azhou shi ming@4译 |
| 801 | 0 | @aCN@b上海图书馆@c20040420 |
| 801 | 2 | @aCN@bNLC@c20040420 |
| 905 | @f3@b113164-166@dC915.1@e34 | |
| 日本和俄国的现代化:一份进行比较的研究报告/(美)布莱克(C.E.Black)著/周师铭译.-北京:商务印书馆,1984 |
| 449页;19cm |
| ISBN :CNY1.50 |
| ● |
| 相关链接 |
|
|
|
|
正题名:日本和俄国的现代化
索取号:C915.1/34
 
预约/预借
| 序号 | 登录号 | 条形码 | 馆藏地/架位号 | 状态 | 备注 |
| 1 | 0113164 | 000365884 | 第一样本阅览室/ [索取号:C915.1/34] | 在馆 | |
| 2 | 0113165 | 000365875 | 密集书库/ [索取号:C915.1/34] | 在馆 | |
| 3 | 0113166 | 000365900 | 密集书库/ [索取号:C915.1/34] | 在馆 |